00709nam a2200241 a 4500001001300000003000900013005001700022008004100039020000800080082002100088100003200109245002900141260003400170300000900204500003500213505002200248650001800270700003200288902000800320942000700328952011700335999001500452nice12345678IN_TiNIC20260116011805.0050524s1969 dela grp 000 0 urd  ac800a891.4391092bFUR aFurqat, Ghulam Ahmad Kakori aGhalib Khasta Ke Baghair aDelhibMaktaba Shah Rahc1969 a314p aincludes index and biblioraphy2 aVarious Documents aGhalib-Essays1 aFurqat, Ghulam Ahmad Kakori bSRS cBK 001040708StackRoom-aHMIbHMId2007-05-31g8.00l0o891.4391092 FURp06165r2007-05-31v8.00w2005-05-24yBK c3982d3982